[Event "American Continental 18th"]
[Site "Medellin"]
[Date "2024.05.27"]
[Round "5"]
[White "Figueroa Rincon, Cesar Fabian"]
[Black "Reinhard Moller, Kerstin Danielle"]
[Result "1/2-1/2"]
[WhiteElo "1845"]
[BlackElo "1671"]
[PlyCount "49"]
[EventDate "2024.05.24"]
[EventType "swiss"]
[EventRounds "11"]
[EventCountry "COL"]
[SourceTitle "CBM 220 Extra"]
[Source "ChessBase"]
[SourceDate "2024.07.31"]
[SourceVersion "1"]
[SourceVersionDate "2024.07.31"]
[SourceQuality "1"]

1. e4 c6 2. Nc3 d5 3. Nf3 dxe4 4. Nxe4 Nf6 5. Ng3 Bg4 6. h3 Bxf3 7. Qxf3 e6 8. Bc4 Bd6 9. Ne4 Nxe4 10. Qxe4 Nd7 11. d4 Nf6 12. Qe2 a6 13. 0-0 0-0 14. Bd3 c5 15. dxc5 Bxc5 16. Bg5 Be7 17. Rfd1 Qb6 18. Rab1 Rac8 19. Bc4 Qc5 20. Bxf6 Bxf6 21. Bb3 Rfd8 22. Rxd8+ Rxd8 23. Rd1 Rxd1+ 24. Qxd1 g6 25. c3 1/2-1/2

[Event "American Continental 18th"]
[Site "Medellin"]
[Date "2024.05.27"]
[Round "6"]
[White "Reinhard Moller, Kerstin Danielle"]
[Black "Lopez Fuentes, Wilberth Sebastian"]
[Result "0-1"]
[WhiteElo "1671"]
[BlackElo "1838"]
[PlyCount "106"]
[EventDate "2024.05.24"]
[EventType "swiss"]
[EventRounds "11"]
[EventCountry "COL"]
[SourceTitle "CBM 220 Extra"]
[Source "ChessBase"]
[SourceDate "2024.07.31"]
[SourceVersion "1"]
[SourceVersionDate "2024.07.31"]
[SourceQuality "1"]

1. e4 e6 2. d4 d5 3. e5 c5 4. c3 Nc6 5. Nf3 Qb6 6. a3 Nge7 7. b4 cxd4 8. cxd4 Nf5 9. Bb2 Be7 10. Be2 Bd7 11. Qd3 Na5 12. Nbd2 a6 13. Rb1 Nc6 14. Nb3 0-0 15. 0-0 Na7 16. Rfc1 Rac8 17. h3 Bb5 18. Qd2 f6 19. Rxc8 Nxc8 20. Bxb5 Qxb5 21. Rc1 Nb6 22. Rc7 Nc4 23. Qc2 Qb6 24. Rxc4 dxc4 25. Qxc4 fxe5 26. dxe5 Qc6 27. Qxc6 bxc6 28. Nfd4 Nxd4 29. Nxd4 c5 30. Nxe6 Rb8 31. Bc3 cxb4 32. axb4 Bxb4 33. Bxb4 Rxb4 34. Nc5 Rb1+ 35. Kh2 a5 36. f4 Rb5 37. Na4 Kf7 38. g3 g5 39. h4 gxf4 40. gxf4 Rb4 41. Nc3 Rxf4 42. Kg3 Rc4 43. Nb5 Rb4 44. Nd6+ Ke6 45. Nc8 a4 46. Na7 a3 47. Nc6 Rc4 48. Na5 Rc3+ 49. Kf2 a2 50. Nb3 Rxb3 51. h5 a1Q 52. h6 Qa2+ 53. Ke1 Rb1# 0-1

[Event "American Continental 18th"]
[Site "Medellin"]
[Date "2024.05.26"]
[Round "4"]
[White "Reinhard Moller, Kerstin Danielle"]
[Black "Carvajal Barreto, Gian Lucas"]
[Result "1-0"]
[WhiteElo "1671"]
[BlackElo "1440"]
[PlyCount "49"]
[EventDate "2024.05.24"]
[EventType "swiss"]
[EventRounds "11"]
[EventCountry "COL"]
[SourceTitle "CBM 220 Extra"]
[Source "ChessBase"]
[SourceDate "2024.07.31"]
[SourceVersion "1"]
[SourceVersionDate "2024.07.31"]
[SourceQuality "1"]

1. e4 e6 2. d4 d5 3. e5 c5 4. c3 Nc6 5. Nf3 Qb6 6. Be2 Nge7 7. Bd3 cxd4 8. cxd4 Nxd4 9. Nxd4 g6 10. Nf3 Bg7 11. b3 Bd7 12. Bb2 Qc7 13. Nbd2 Nc6 14. Rc1 Qb8 15. Qe2 0-0 16. 0-0 f6 17. exf6 Bxf6 18. Bxf6 Rxf6 19. Bb5 Rf5 20. Bxc6 Bxc6 21. Qxe6+ Kh8 22. Nd4 Rh5 23. h3 Be8 24. Qf6+ Kg8 25. Ne6 1-0